00334 a2200109 4500001001000000005001700010008004100027245005100068100002100119773006700140999001700207ART_1306720260410161735.0260409a 10aRecuperar herramientas para recrear el mercado1 aCarballo, Carlos0 tEjecutivos de finanzasg- Año 7, Nº 65 (may. 1990)wREV2863 c18213d18213